| 000 | 00482ntaaa2200193 4500 | ||
|---|---|---|---|
| 003 | 01 | ||
| 005 | 20251027201847.0 | ||
| 008 | 0714s1973 ag 01 | ||
| 040 |
_aAR-BaBN _bspa _cAR-BaBN _eaacr _dRIC |
||
| 082 | _a248.1000 Se8 | ||
| 100 |
_aSeverance, Dorothy Haworth _917087 |
||
| 245 | _aResources for living | ||
| 250 | _a1 ed. | ||
| 260 |
_aNashville : _bConvention Press, _cc1961 |
||
| 300 | _a106 p | ||
| 500 | _aMayordomÃa personal | ||
| 650 | _amayordomÃa | ||
| 942 | _cBK | ||
| 999 |
_c13276 _d13276 |
||